Score 0/26 Timer 03:00
0 Plays Today
Movie Word % Correct
The Da _____ CodeVinci
94.9%
_____ Python's Life of BrianMonty
94.8%
A Clockwork ______Orange
93.9%
____ Croft Tomb Raider ...Lara
92.3%
______ Born KillersNatural
91.1%
The ______ GamesHunger
89.8%
All _____ on the Western FrontQuiet
85.9%
_________'_ ListSchindler's
85.6%
Zero Dark ______Thirty
80.9%
The Last Temptation of ______Christ
79.7%
We ____ SoldiersWere
72.6%
The ___ SleepBig
71.9%
You Don't Mess with the _____Zohan
63.9%
Movie Word % Correct
Anna and the ____King
63.6%
__________ NowApocalypse
62.6%
South Park: Bigger, Longer & _____Uncut
52.8%
The ____ of Living DangerouslyYear
51.8%
________ 9District
48.4%
Brief _________Encounter
47.9%
Barney's _____ AdventureGreat
37.8%
Battleship ________Potemkin
25.5%
_____ of the Living DeadReturn
23.4%
________ My ConcubineFarewell
23%
Jenin, _____Jenin
18.8%
____ The KillerIchi
6.9%
____ lo (Cyclo)Xich
1%

Today's Daily Dose

Missing Word
I Hardly Know Her!

Word Ladder
Sentence Ending

Quick Pick
Female Firsts

Get the Picture
Triathlon Sports

Remove Ads.
Support Sporcle.
Get the best of Sporcle when you Go Orange. This ad-free experience offers more features, more stats, and more fun while also helping to support Sporcle. Thank you for becoming a member.

You're not logged in!

Compare scores with friends on all Sporcle quizzes.
OR
Log In

Show Comments

Extras

Top Quizzes Today


Score Distribution

Your Account Isn't Verified!

In order to create a playlist on Sporcle, you need to verify the email address you used during registration. Go to your Sporcle Settings to finish the process.

Report this User

Report this user for behavior that violates our Community Guidelines.

Details: